[Event "IV Open"]
[Site "Genova ITA"]
[Date "2000.08.11"]
[Round "6"]
[White "Barberi, Alessandro"]
[Black "De Santis, Alessio"]
[Result "1/2-1/2"]
[WhiteElo "2113"]
[BlackElo "2309"]
[PlyCount "106"]
[EventDate "2000.08.07"]

1. d4 d6 2. g3 f5 3. Bg2 Nf6 4. b3 g6 5. Bb2 Bg7 6. Nf3 O-O 7. O-O Qe8 8. c4 a5
9. Nbd2 Na6 10. Rc1 c6 11. Qc2 h6 12. a3 g5 13. d5 Nc5 14. Nd4 Bd7 15. b4 axb4
16. axb4 Na4 17. Ba1 Ng4 18. dxc6 bxc6 19. b5 Nc5 20. Nxc6 e5 21. h3 Nf6 22.
Nxe5 dxe5 23. Bxa8 Qxa8 24. Bxe5 f4 25. g4 Qc8 26. f3 Re8 27. Qb2 Rxe5 28. Qxe5
Nfe4 29. Qd5+ Be6 30. Nxe4 Bxd5 31. cxd5 Bd4+ 32. Kg2 Qf8 33. Rc4 Nxe4 34. Rxd4
Nd6 35. Rb1 Qe7 36. Kf1 h5 37. b6 hxg4 38. fxg4 f3 39. exf3 Qe3 40. Rbb4 Qxf3+
41. Ke1 Qc3+ 42. Ke2 Kf8 43. Kf2 Ke8 44. Ke2 Kd8 45. Kf2 Kc8 46. b7+ Kb8 47.
Ke2 Qc5 48. Ke3 Nb5 49. Rxb5 Qxb5 50. d6 Qe5+ 51. Kd3 Qb5+ 52. Ke3 Qe5+ 53. Kd3
Qb5+ 1/2-1/2

[Event "IV Open"]
[Site "Genova ITA"]
[Date "2000.08.11"]
[Round "6"]
[White "Bernasconi, Roberto"]
[Black "Bernago, Federico"]
[Result "0-1"]
[WhiteElo "1491"]
[BlackElo "2075"]
[PlyCount "86"]
[EventDate "2000.08.07"]

1. e4 c5 2. Nf3 e6 3. d4 cxd4 4. Nxd4 a6 5. Nc3 Qc7 6. Be3 Bb4 7. Qd2 Nf6 8. f3
d5 9. exd5 Nxd5 10. Nde2 Nxe3 11. Qxe3 O-O 12. O-O-O Nc6 13. Kb1 b5 14. g3 Bb7
15. Bg2 Na5 16. Rd3 Rfd8 17. Rhd1 Rxd3 18. Qxd3 Bc6 19. Qd4 Be7 20. Qf2 Rd8 21.
Rxd8+ Bxd8 22. f4 Nc4 23. Bxc6 Qxc6 24. Qd4 Qd6 25. Qxd6 Nxd6 26. Kc1 h5 27.
Nd4 Bb6 28. Nce2 g6 29. c3 Kf8 30. b3 Ke7 31. Nc6+ Kf6 32. Ne5 Kf5 33. h3 Ke4
34. Kd2 Be3+ 35. Kd1 h4 36. g4 Bxf4 37. Nxf4 Kxf4 38. Nd3+ Kg3 39. Ke2 Kxh3 40.
Nf2+ Kg2 41. g5 h3 42. Nxh3 Kxh3 43. Kf3 e5 0-1

[Event "IV Open"]
[Site "Genova ITA"]
[Date "2000.08.11"]
[Round "6"]
[White "Caposciutti, Maurizio"]
[Black "Cirabisi, Federico"]
[Result "1-0"]
[WhiteElo "2316"]
[BlackElo "2119"]
[PlyCount "53"]
[EventDate "2000.08.07"]

1. e4 Nf6 2. e5 Nd5 3. d4 d6 4. c4 Nb6 5. exd6 cxd6 6. Nc3 g6 7. h3 Bg7 8. Nf3
O-O 9. Be2 Nc6 10. O-O e5 11. Bg5 f6 12. Be3 Kh8 13. c5 dxc5 14. dxe5 Nd4 15.
Nxd4 cxd4 16. Bxd4 fxe5 17. Bc5 Qg5 18. Ne4 Qh4 19. Bxf8 Bxf8 20. Bg4 Bf5 21.
Qf3 Bg7 22. Bxf5 gxf5 23. Qxf5 Nd5 24. g3 Qe7 25. Ng5 Bf6 26. Rad1 Nc7 27. Rd7
1-0

[Event "IV Open"]
[Site "Genova ITA"]
[Date "2000.08.11"]
[Round "6"]
[White "Collareta, Giovanni"]
[Black "Strazzeri, Marco"]
[Result "1-0"]
[WhiteElo "2127"]
[BlackElo "1756"]
[PlyCount "63"]
[EventDate "2000.08.07"]

1. e4 c6 2. d4 d5 3. exd5 cxd5 4. Bd3 Nc6 5. c3 Nf6 6. Nf3 Bg4 7. O-O e6 8.
Nbd2 Be7 9. Re1 O-O 10. Nf1 a6 11. h3 Bxf3 12. Qxf3 b5 13. Bg5 b4 14. Ng3 a5
15. Bc2 a4 16. Qd3 g6 17. a3 bxc3 18. bxc3 Qa5 19. Qf3 Nd7 20. Bxe7 Nxe7 21. h4
Kg7 22. h5 Rfc8 23. Re3 Ng8 24. Ne2 Nb6 25. hxg6 hxg6 26. Nf4 Nc4 27. Rxe6 Nd2
28. Qg3 Qxc3 29. Rxg6+ fxg6 30. Qxg6+ Kf8 31. Qd6+ Ke8 32. Bg6# 1-0

[Event "IV Open"]
[Site "Genova ITA"]
[Date "2000.08.11"]
[Round "6"]
[White "De Lerma, Andrea"]
[Black "Corti, Corrado"]
[Result "0-1"]
[WhiteElo "1609"]
[BlackElo "1789"]
[PlyCount "52"]
[EventDate "2000.08.07"]

1. d4 d5 2. c4 e6 3. Nc3 Nf6 4. Bg5 Be7 5. e3 O-O 6. Nf3 Nbd7 7. Qc2 b6 8. b3
Bb7 9. Bd3 h6 10. h4 Bb4 11. Bf4 dxc4 12. bxc4 Ne4 13. Bxe4 Bxe4 14. Qb3 Ba5
15. Ke2 Bh7 16. g4 Bxc3 17. Qxc3 Be4 18. Rh2 Bxf3+ 19. Kxf3 Re8 20. e4 c6 21.
e5 c5 22. d5 exd5 23. cxd5 Nxe5+ 24. Bxe5 Qxd5+ 25. Kf4 f6 26. Bxf6 gxf6 0-1

[Event "IV Open"]
[Site "Genova ITA"]
[Date "2000.08.11"]
[Round "6"]
[White "Fattorelli, Luciano"]
[Black "Orsenigo, Davide"]
[Result "1-0"]
[WhiteElo "1816"]
[BlackElo "1413"]
[PlyCount "93"]
[EventDate "2000.08.07"]

1. e4 c6 2. d4 d5 3. exd5 cxd5 4. c4 Nf6 5. Nc3 e6 6. Nf3 Be7 7. c5 Nc6 8. Bb5
O-O 9. O-O Bd7 10. Bxc6 Bxc6 11. b4 a6 12. Bf4 Qc8 13. a4 Rd8 14. h3 Bf8 15.
Qb3 Ne4 16. Rfc1 Be7 17. Rab1 f6 18. b5 axb5 19. axb5 Be8 20. b6 Nxc3 21. Qxc3
Bc6 22. Bc7 Re8 23. Ne1 Qd7 24. Nd3 Rec8 25. Nb4 Kf7 26. Qb3 Bd8 27. Bg3 Ba4
28. Qb2 Bc6 29. Re1 Be7 30. Re3 Re8 31. Rbe1 Bf8 32. Qe2 Rac8 33. Qg4 Bb5 34.
Rb1 Bc6 35. Qe2 Ra8 36. Qb2 Be7 37. Nxc6 Qxc6 38. Qb5 Qxb5 39. Rxb5 Ra1+ 40.
Kh2 Rc1 41. Bc7 Rc8 42. Rbb3 Bd8 43. Bd6 Ra8 44. Ra3 Ra1 45. Rxa8 Rxa8 46. c6
Bxb6 47. cxb7 1-0

[Event "IV Open"]
[Site "Genova ITA"]
[Date "2000.08.11"]
[Round "6"]
[White "Lanzani, Mario"]
[Black "Astengo, Corrado"]
[Result "1/2-1/2"]
[WhiteElo "2419"]
[BlackElo "2150"]
[PlyCount "80"]
[EventDate "2000.08.07"]

1. e4 c5 2. Nf3 d6 3. d4 Nf6 4. Nc3 cxd4 5. Nxd4 a6 6. Bg5 e6 7. f4 Qc7 8. f5
Nc6 9. fxe6 fxe6 10. Bc4 Nxd4 11. Qxd4 Be7 12. Bb3 Qc5 13. Qxc5 dxc5 14. a4 Bd7
15. e5 Ng4 16. Ne4 Bxg5 17. Nxg5 Ke7 18. O-O Raf8 19. Rad1 c4 20. Rxf8 Rxf8 21.
Bxc4 Nxe5 22. Bb3 Rf5 23. Ne4 Bc6 24. Re1 Ng6 25. Ng3 Re5 26. Rxe5 Nxe5 27. Ne2
Ng4 28. Nd4 Bd7 29. h3 Ne3 30. c3 Kd6 31. Kf2 Nf5 32. Nf3 h6 33. g4 Ne7 34. Ke3
Nc6 35. Bc2 Ne7 36. b4 Nd5+ 37. Kd4 Nf4 38. h4 Bc6 39. Ng1 e5+ 40. Ke3 Nd5+
1/2-1/2

[Event "IV Open"]
[Site "Genova ITA"]
[Date "2000.08.11"]
[Round "6"]
[White "Mollero, Michele"]
[Black "Taeger, Torsten"]
[Result "1/2-1/2"]
[WhiteElo "2101"]
[BlackElo "2128"]
[PlyCount "82"]
[EventDate "2000.08.07"]

1. e4 g6 2. d4 Bg7 3. f4 d6 4. Nf3 Bg4 5. Be2 c5 6. d5 Nf6 7. Nc3 O-O 8. O-O
Nfd7 9. Be3 a6 10. Qd2 b5 11. Rae1 Qc7 12. Ng5 Bxe2 13. Rxe2 Nb6 14. b3 N8d7
15. Rfe1 b4 16. Nd1 a5 17. e5 dxe5 18. fxe5 Bxe5 19. Nf3 Bg7 20. Bf4 Qb7 21.
Rxe7 Nxd5 22. R7e2 Qc6 23. Bh6 N7f6 24. Bxg7 Kxg7 25. c4 bxc3 26. Nxc3 Nxc3 27.
Qxc3 Rfe8 28. Rxe8 Rxe8 29. Rxe8 Qxe8 30. Qxc5 Qe4 31. Qc1 h6 32. Qa1 g5 33. h3
Qe3+ 34. Kh1 h5 35. Qd4 Qc1+ 36. Qg1 Qf4 37. Qd4 Qc1+ 38. Kh2 Qc7+ 39. Qe5
Qxe5+ 40. Nxe5 Nd5 41. Nc4 Nb4 1/2-1/2

[Event "IV Open"]
[Site "Genova ITA"]
[Date "2000.08.11"]
[Round "6"]
[White "Piazza, Angelo"]
[Black "Gallitto, Salvatore"]
[Result "0-1"]
[WhiteElo "1599"]
[BlackElo "2057"]
[PlyCount "110"]
[EventDate "2000.08.07"]

1. d4 d5 2. Nf3 e6 3. Bf4 Bd6 4. Bxd6 Qxd6 5. c3 Nf6 6. Nbd2 Nbd7 7. Qc2 e5 8.
dxe5 Nxe5 9. Nxe5 Qxe5 10. Nf3 Qe7 11. e3 O-O 12. Bd3 h6 13. h3 c5 14. O-O Bd7
15. Rad1 Bc6 16. Nd2 a5 17. Rfe1 Rfe8 18. f3 c4 19. Bf1 Qc5 20. Kf2 Re7 21. Nb1
Rae8 22. Rd4 b5 23. Nd2 Re5 24. g4 Qe7 25. e4 dxe4 26. fxe4 Nxe4+ 27. Nxe4 Bxe4
28. Rdxe4 Rxe4 29. Rxe4 Qxe4 30. Qd2 Qe7 31. Bg2 Rd8 32. Qf4 Qf6 33. Qxf6 gxf6
34. Ke2 Re8+ 35. Kd2 Kg7 36. Bc6 Re5 37. Bg2 Kg6 38. b3 cxb3 39. axb3 f5 40.
gxf5+ Kxf5 41. c4 bxc4 42. bxc4 Ke6 43. Kd3 Kd6 44. Kd4 Rc5 45. Kc3 Ke5 46. Kd3
f5 47. Bf1 a4 48. Kc3 Ra5 49. Kb2 a3+ 50. Ka2 Kd4 51. h4 Kc5 52. h5 Kb4 53. Be2
Re5 54. Bf1 f4 55. c5 Rxc5 0-1

[Event "IV Open"]
[Site "Genova ITA"]
[Date "2000.08.12"]
[Round "7"]
[White "Astengo, Corrado"]
[Black "Caposciutti, Maurizio"]
[Result "0-1"]
[WhiteElo "2150"]
[BlackElo "2316"]
[PlyCount "66"]
[EventDate "2000.08.07"]

1. e4 c5 2. Nf3 Nc6 3. d4 cxd4 4. Nxd4 Nf6 5. Nc3 d6 6. f4 e5 7. Nxc6 bxc6 8.
fxe5 dxe5 9. Qxd8+ Kxd8 10. Bc4 Bb4 11. O-O Ke7 12. Bg5 Be6 13. Bd3 Bxc3 14.
bxc3 Rhb8 15. a3 a5 16. Rfb1 Kd6 17. Bxf6 gxf6 18. Rf1 Ke7 19. Rfb1 h5 20. Kf2
h4 21. Ke3 Kd6 22. Rf1 Rg8 23. Kf2 Rab8 24. Rab1 Kc5 25. Rfd1 Rxb1 26. Rxb1 f5
27. Rb7 fxe4 28. Bxe4 f5 29. Bd3 e4 30. Bf1 f4 31. Ra7 e3+ 32. Ke1 Rb8 33.
Rxa5+ Kd6 0-1

[Event "IV Open"]
[Site "Genova ITA"]
[Date "2000.08.12"]
[Round "7"]
[White "Blum, Gernot"]
[Black "Banikas, Hristos"]
[Result "0-1"]
[WhiteElo "2171"]
[BlackElo "2542"]
[PlyCount "84"]
[EventDate "2000.08.07"]

1. e4 c5 2. c4 Nc6 3. Nc3 g6 4. f4 d6 5. Nf3 Bg7 6. Be2 e6 7. O-O Nge7 8. Qe1
O-O 9. d3 d5 10. Bd2 Nd4 11. Rd1 f5 12. Bc1 b6 13. Qh4 Nec6 14. Qxd8 Rxd8 15.
Kf2 Nxe2 16. Nxe2 Nb4 17. exf5 exf5 18. a3 Nc6 19. Rfe1 dxc4 20. dxc4 Ba6 21.
b3 Na5 22. b4 Nxc4 23. bxc5 bxc5 24. Ng5 Rxd1 25. Rxd1 Re8 26. Ng1 Bd4+ 27. Kg3
Ne3 28. Bxe3 Rxe3+ 29. N1f3 h6 30. Nh3 Be2 31. Rb1 Bxf3 32. gxf3 Rxa3 33. Rb7
Ra1 34. Kh4 c4 35. Rc7 c3 36. Kg3 Ra2 37. Kh4 c2 38. Kg3 Be3 39. Ng5 hxg5 40.
Kh3 c1=Q 41. Rxc1 Rxh2+ 42. Kg3 Bxf4# 0-1

[Event "IV Open"]
[Site "Genova ITA"]
[Date "2000.08.12"]
[Round "7"]
[White "Chiamori, Maurizio"]
[Black "Bernasconi, Roberto"]
[Result "0-1"]
[WhiteElo "1690"]
[BlackElo "1491"]
[PlyCount "92"]
[EventDate "2000.08.07"]

1. e4 e5 2. Nf3 Nf6 3. Bc4 Nc6 4. Ng5 d5 5. exd5 Na5 6. Bb5+ Bd7 7. Qe2 Bd6 8.
d4 Bxb5 9. Qxb5+ c6 10. dxc6 bxc6 11. Qe2 Qe7 12. Bd2 Nb7 13. O-O O-O 14. Re1
Rfe8 15. Nc3 exd4 16. Qxe7 Rxe7 17. Rxe7 Bxe7 18. Nce4 Nxe4 19. Nxe4 Re8 20.
Re1 Kf8 21. Kf1 Nd6 22. Nc5 Rd8 23. b3 Nc4 24. Bb4 a5 25. Rxe7 Kxe7 26. Nb7+
axb4 27. Nxd8 Kxd8 28. bxc4 Kd7 29. Ke2 Kd6 30. Kd3 Kc5 31. h4 h5 32. f3 f6 33.
g4 g6 34. f4 hxg4 35. f5 g3 36. Ke2 gxf5 37. h5 Kxc4 38. h6 Kc3 39. h7 Kxc2 40.
h8=Q d3+ 41. Ke3 d2 42. Qxf6 d1=Q 43. Qxc6+ Kb2 44. Qf6+ Kxa2 45. Qxf5 Qe1+ 46.
Kd4 Qf2+ 0-1

[Event "IV Open"]
[Site "Genova ITA"]
[Date "2000.08.12"]
[Round "7"]
[White "Corti, Corrado"]
[Black "Cehic, Goran"]
[Result "1/2-1/2"]
[WhiteElo "1789"]
[BlackElo "2158"]
[PlyCount "33"]
[EventDate "2000.08.07"]

1. e4 e6 2. d4 d5 3. exd5 exd5 4. Nf3 Bg4 5. Be2 Bd6 6. O-O Ne7 7. Bg5 f6 8.
Be3 Nf5 9. Ne1 Nxe3 10. fxe3 Bxe2 11. Qxe2 Qe7 12. Nd2 O-O 13. g3 Nc6 14. c3
Rae8 15. Ng2 h6 16. Rae1 f5 17. Qf3 1/2-1/2

[Event "IV Open"]
[Site "Genova ITA"]
[Date "2000.08.12"]
[Round "7"]
[White "De Santis, Alessio"]
[Black "Siemes, Robert"]
[Result "1/2-1/2"]
[WhiteElo "2309"]
[BlackElo "2106"]
[PlyCount "109"]
[EventDate "2000.08.07"]

1. d4 Nf6 2. c4 g6 3. Nc3 Bg7 4. e4 d6 5. f3 O-O 6. Be3 c5 7. d5 e6 8. Qd2 exd5
9. cxd5 Nbd7 10. Nge2 Ne5 11. Ng3 a6 12. a4 Qa5 13. Be2 b5 14. O-O b4 15. Nd1
Ne8 16. h3 f6 17. f4 Nf7 18. Nf2 Qc7 19. Rac1 a5 20. Rfd1 Qe7 21. Bf3 Rb8 22.
b3 Bd7 23. Nd3 Bc8 24. Nb2 Ba6 25. Re1 Kh8 26. Bg4 Nc7 27. Bf2 Rbe8 28. Nf1 Qd8
29. Bf3 Re7 30. Ne3 Ne8 31. Nbc4 Bc8 32. Ng4 f5 33. exf5 Rxe1+ 34. Qxe1 Bxf5
35. Bh4 Qc7 36. Qe7 h5 37. Nge3 Bd3 38. Qxc7 Nxc7 39. Nxa5 Bd4 40. Bf2 Nh6 41.
Nec4 Nf5 42. Bxd4+ Nxd4 43. Nxd6 Nxd5 44. Rxc5 Nxf4 45. Bb7 Nfe2+ 46. Kh2 h4
47. Rc7 Rf1 48. Nf7+ Kg8 49. Bd5 Ng3 50. Ng5+ Kf8 51. Rf7+ Rxf7 52. Nxf7 Nde2
53. Ne5 Nf1+ 54. Kh1 Nfg3+ 55. Kh2 1/2-1/2

[Event "IV Open"]
[Site "Genova ITA"]
[Date "2000.08.12"]
[Round "7"]
[White "Djingarova, Emilia"]
[Black "Lanzani, Mario"]
[Result "1/2-1/2"]
[WhiteElo "2263"]
[BlackElo "2419"]
[PlyCount "36"]
[EventDate "2000.08.07"]

1. e4 c5 2. Nf3 Nc6 3. d4 cxd4 4. Nxd4 Qb6 5. Nb3 Nf6 6. Nc3 e6 7. g3 Bb4 8.
Bg2 d5 9. exd5 Nxd5 10. Bxd5 exd5 11. O-O Bxc3 12. bxc3 O-O 13. Qxd5 Bh3 14.
Be3 Qc7 15. Bf4 Rad8 16. Bxc7 Rxd5 17. Rad1 Rxd1 18. Rxd1 Rc8 1/2-1/2

[Event "IV Open"]
[Site "Genova ITA"]
[Date "2000.08.12"]
[Round "7"]
[White "Faccia, Sergio"]
[Black "Ausmins, Elmar"]
[Result "0-1"]
[WhiteElo "2043"]
[BlackElo "2324"]
[PlyCount "102"]
[EventDate "2000.08.07"]

1. e4 c5 2. f4 Nc6 3. Nf3 e6 4. Be2 d5 5. d3 Nf6 6. Nc3 d4 7. Nb1 Be7 8. O-O a6
9. c3 O-O 10. Na3 b5 11. Nc2 Qb6 12. Qe1 Bb7 13. Kh1 Rfd8 14. cxd4 cxd4 15. b3
Rac8 16. Bb2 Rd7 17. h3 Ne8 18. Qf2 Rcd8 19. Ne5 Rd6 20. Bh5 g6 21. Bg4 f5 22.
Nxc6 Bxc6 23. exf5 exf5 24. Bf3 Bxf3 25. Qxf3 Bf6 26. Rac1 a5 27. Na3 Ng7 28.
Rf2 Re6 29. Rfc2 Re3 30. Qc6 Qxc6 31. Rxc6 Nh5 32. Kg1 b4 33. Nc4 Rxd3 34. g4
fxg4 35. hxg4 Rg3+ 36. Kh2 Rxg4 37. Rf1 Rh4+ 38. Kg2 Nxf4+ 39. Kg3 Nh5+ 40. Kg2
Rf8 41. Bc1 g5 42. Nd6 Rg4+ 43. Kh3 Rg3+ 44. Kh2 Rc3 45. Rxc3 bxc3 46. Ne4 Be5+
47. Kg1 Rxf1+ 48. Kxf1 Ng3+ 49. Nxg3 Bxg3 50. Bxg5 d3 51. Kg2 d2 0-1

[Event "IV Open"]
[Site "Genova ITA"]
[Date "2000.08.12"]
[Round "7"]
[White "Gallitto, Salvatore"]
[Black "Latta, Federico"]
[Result "1-0"]
[WhiteElo "2057"]
[BlackElo "1509"]
[PlyCount "63"]
[EventDate "2000.08.07"]

1. d4 Nf6 2. e3 g6 3. Be2 Bg7 4. h4 h5 5. Nf3 c5 6. c3 b6 7. Ng5 Bb7 8. O-O Ne4
9. Bf3 d5 10. dxc5 Nxg5 11. hxg5 bxc5 12. c4 e6 13. cxd5 exd5 14. Qb3 Bc6 15.
Rd1 d4 16. exd4 cxd4 17. Re1+ Kf8 18. Bf4 Kg8 19. Nd2 h4 20. Ne4 Rh7 21. Nd6
Bf8 22. Bxc6 Nxc6 23. Re8 Rb8 24. Rxd8 Rxb3 25. Rxf8+ Kxf8 26. axb3 a5 27. Rc1
Nb4 28. Re1 Nd3 29. Re8+ Kg7 30. Be5+ Nxe5 31. Rxe5 h3 32. Ne8+ 1-0

[Event "IV Open"]
[Site "Genova ITA"]
[Date "2000.08.12"]
[Round "7"]
[White "Guido, Flavio"]
[Black "Chilingirova, Pavlina"]
[Result "1/2-1/2"]
[WhiteElo "2303"]
[BlackElo "2269"]
[PlyCount "115"]
[EventDate "2000.08.07"]

1. e4 c5 2. c3 d6 3. d4 Nf6 4. Bd3 e5 5. Nf3 Nc6 6. d5 Ne7 7. O-O g6 8. Nfd2
Bh6 9. a4 O-O 10. Nc4 Bxc1 11. Qxc1 Nh5 12. Nba3 Nf4 13. Qe3 f5 14. f3 Rf6 15.
b4 b6 16. a5 cxb4 17. cxb4 bxa5 18. bxa5 Ba6 19. Rfc1 Nxd3 20. Qxd3 fxe4 21.
fxe4 Qxa5 22. Qe3 Qd8 23. Nb1 Bxc4 24. Rxc4 Nc8 25. Nd2 Rb8 26. Rac1 Rf7 27.
Rc6 Nb6 28. Nf3 Rc8 29. Ng5 Rfc7 30. Ne6 Rxc6 31. Rxc6 Qh4 32. h3 Rxc6 33. dxc6
Qe7 34. Ng5 Kg7 35. c7 h6 36. Qxb6 axb6 37. c8=Q hxg5 38. Qc6 Qd8 39. Kh2 Kf6
40. Kg3 Qb8 41. Qb5 Qc7 42. Qe8 Kg7 43. Kh2 g4 44. hxg4 Kf6 45. Kh3 Kg7 46. g5
Qf7 47. Qd8 Qe6+ 48. g4 b5 49. Qc7+ Qf7 50. Qxd6 Qf3+ 51. Kh4 Qh1+ 52. Kg3 Qg1+
53. Kh3 Qe3+ 54. Kh4 Qe1+ 55. Kh3 Qh1+ 56. Kg3 Qg1+ 57. Kh3 Qe3+ 58. Kh4
1/2-1/2

[Event "IV Open"]
[Site "Genova ITA"]
[Date "2000.08.12"]
[Round "7"]
[White "Miatello, Alberto"]
[Black "Di Paolo, Raffaele"]
[Result "0-1"]
[WhiteElo "1866"]
[BlackElo "2295"]
[PlyCount "122"]
[EventDate "2000.08.07"]

1. e4 e6 2. d4 d5 3. e5 c5 4. c3 Qb6 5. Nf3 Bd7 6. a3 c4 7. Nbd2 Nc6 8. b3 cxb3
9. Nxb3 Na5 10. Nxa5 Qxa5 11. Bd2 Qa4 12. Qb1 Bc6 13. Bd3 h6 14. O-O Ne7 15.
Rc1 Nc8 16. c4 dxc4 17. Rxc4 Qb5 18. Qxb5 Bxb5 19. Rxc8+ Rxc8 20. Bxb5+ Kd8 21.
Bd3 Be7 22. Be4 b6 23. a4 Kd7 24. d5 Bc5 25. Bd3 g5 26. Bb5+ Kc7 27. Ba6 g4 28.
d6+ Kd7 29. Bxc8+ Rxc8 30. Ne1 Bd4 31. Rd1 Bxe5 32. Nd3 Bxd6 33. Bxh6 Ke7 34.
g3 Rc4 35. Ra1 Rc3 36. Nf4 Rc2 37. Ng2 Be5 38. Rc1 Ra2 39. Ne3 Rxa4 40. Nc4 Bd4
41. Bf4 f6 42. Ne3 e5 43. Nf5+ Ke6 44. Nxd4+ exd4 45. Bb8 Kd5 46. Kf1 b5 47. f3
Ra2 48. Kg1 f5 49. fxg4 fxg4 50. h4 gxh3 51. Rf1 b4 52. Rb1 a5 53. Bc7 Kc4 54.
Rc1+ Kd3 55. Rd1+ Kc4 56. Rc1+ Kb5 57. Be5 d3 58. Bd6 Rg2+ 59. Kf1 Rc2 60. Rxc2
dxc2 61. Bf4 a4 0-1

[Event "IV Open"]
[Site "Genova ITA"]
[Date "2000.08.12"]
[Round "7"]
[White "Mollero, Michele"]
[Black "Castelfranchi, Carlo"]
[Result "1/2-1/2"]
[WhiteElo "2101"]
[BlackElo "2212"]
[PlyCount "43"]
[EventDate "2000.08.07"]

1. d4 Nf6 2. c4 g6 3. Nc3 d5 4. Bf4 Bg7 5. Nf3 c5 6. dxc5 Qa5 7. cxd5 Nxd5 8.
Qxd5 Bxc3+ 9. Bd2 Be6 10. Bxc3 Qxc3+ 11. Qd2 Qxd2+ 12. Nxd2 Na6 13. e3 Nxc5 14.
Bb5+ Bd7 15. Bxd7+ Kxd7 16. Ke2 Rhd8 17. Rac1 Rac8 18. Rhd1 Ke8 19. Rc4 Ne6 20.
Rdc1 Rxc4 21. Rxc4 Kd7 22. Ne4 1/2-1/2

[Event "IV Open"]
[Site "Genova ITA"]
[Date "2000.08.12"]
[Round "7"]
[White "Orsenigo, Davide"]
[Black "Accossano, Paolo"]
[Result "0-1"]
[WhiteElo "1413"]
[BlackElo "1618"]
[PlyCount "52"]
[EventDate "2000.08.07"]

1. e4 e6 2. d4 d5 3. Nc3 Bb4 4. a3 Bxc3+ 5. bxc3 dxe4 6. Qg4 Nf6 7. Qxg7 Rg8 8.
Qh6 Rg6 9. Qd2 Bd7 10. Bb2 Bc6 11. O-O-O Nbd7 12. c4 Nb6 13. Nh3 Qe7 14. Nf4
Rg8 15. Rg1 Na4 16. g3 Rd8 17. Qe2 Nxb2 18. Kxb2 e5 19. dxe5 Qxe5+ 20. Ka2 Rxd1
21. Qxd1 Ke7 22. Qe2 Qc3 23. Nd5+ Nxd5 24. Qxe4+ Kd6 25. Qxh7 Re8 26. Qxf7
Qxc2+ 0-1

[Event "IV Open"]
[Site "Genova ITA"]
[Date "2000.08.13"]
[Round "8"]
[White "Bario, Emilio"]
[Black "De Lerma, Andrea"]
[Result "1-0"]
[WhiteElo "1501"]
[BlackElo "1609"]
[PlyCount "73"]
[EventDate "2000.08.07"]

1. d4 Nf6 2. c4 g6 3. Nf3 Bg7 4. e3 d6 5. Be2 O-O 6. O-O c5 7. Nc3 Nc6 8. d5
Na5 9. h3 a6 10. a4 e6 11. e4 exd5 12. exd5 Qb6 13. Nd2 Nd7 14. Ra3 Ne5 15. Qc2
Bf5 16. Nce4 Qb4 17. b3 g5 18. Qd1 b5 19. Nxd6 Bd3 20. axb5 Rfd8 21. Bb2 Bxe2
22. Qxe2 Nf3+ 23. Qxf3 Bxb2 24. Qxf7+ Kh8 25. Rxa5 Rxd6 26. Rxa6 Rdxa6 27. bxa6
Qxd2 28. Qb7 Rf8 29. Qe7 Kg8 30. a7 Qa5 31. d6 Bf6 32. Qb7 Bd4 33. Kh1 Kh8 34.
Qe7 Bg7 35. d7 Qd8 36. Re1 Bd4 37. Qxf8+ 1-0

[Event "IV Open"]
[Site "Genova ITA"]
[Date "2000.08.13"]
[Round "8"]
[White "Bernasconi, Roberto"]
[Black "Bertino, Andrea"]
[Result "1/2-1/2"]
[WhiteElo "1491"]
[BlackElo "1765"]
[PlyCount "131"]
[EventDate "2000.08.07"]

1. e4 d6 2. d4 Nf6 3. Nc3 g6 4. f4 Bg7 5. Nf3 c5 6. Bb5+ Bd7 7. e5 Ng4 8. e6
Bxb5 9. exf7+ Kd7 10. Nxb5 Qa5+ 11. Nc3 cxd4 12. Nxd4 Bxd4 13. Qxd4 Nc6 14. Qd1
Qf5 15. h3 Qe6+ 16. Qe2 Qxe2+ 17. Nxe2 Nh6 18. Bd2 Rhf8 19. O-O-O Rxf7 20. Nc3
Nf5 21. Ne4 h6 22. Rhe1 Ng7 23. Be3 Ne6 24. g3 Rc8 25. Kb1 b6 26. a3 Na5 27.
Bg1 Rf5 28. Nc3 Nc6 29. Nd5 Nc7 30. Nxc7 Rxc7 31. Rd3 Rc8 32. Rde3 Rcf8 33. Re6
R8f6 34. Rxf6 Rxf6 35. Be3 e6 36. c3 Ne7 37. Bd2 Rf5 38. Kc2 Rd5 39. c4 Rc5 40.
Kd3 b5 41. b3 bxc4+ 42. bxc4 h5 43. g4 Nc6 44. Bc3 Ne7 45. Re2 Nc8 46. Re1 Nb6
47. Bd4 Ra5 48. Ra1 Ra4 49. Bxb6 axb6 50. Kc3 hxg4 51. hxg4 g5 52. Kb3 Ra5 53.
Rf1 gxf4 54. Rxf4 Rg5 55. Kc3 Ke7 56. Kb4 Kd7 57. a4 Kc6 58. Re4 e5 59. Kb3 Kc5
60. Kc3 Rg7 61. Kb3 Rg8 62. Kc3 Rg5 63. Kb3 d5 64. cxd5 Kxd5 65. Rb4 Rg6 66.
Kc3 1/2-1/2

[Event "IV Open"]
[Site "Genova ITA"]
[Date "2000.08.13"]
[Round "8"]
[White "De Santis, Alessio"]
[Black "Mollero, Michele"]
[Result "0-1"]
[WhiteElo "2309"]
[BlackElo "2101"]
[PlyCount "130"]
[EventDate "2000.08.07"]

1. d4 d5 2. Nf3 Nf6 3. c4 dxc4 4. g3 Nc6 5. Nc3 Bg4 6. Bg2 Bxf3 7. Bxf3 Qd7 8.
d5 Ne5 9. Bg2 Rd8 10. f4 Ng6 11. Be3 b5 12. f5 b4 13. fxg6 hxg6 14. Ne4 Nxd5
15. Bf2 e6 16. O-O a5 17. Qc2 f5 18. Ng5 Be7 19. Nf3 Bf6 20. Qxc4 Bxb2 21. Rab1
Bf6 22. Nd4 Kf7 23. Nc6 Ra8 24. Rbd1 Rhe8 25. e4 fxe4 26. Bxe4 Kg8 27. Bxd5
exd5 28. Qxd5+ Qxd5 29. Rxd5 Re6 30. Nd4 Re4 31. Nf3 Re2 32. Rd2 Rae8 33. Rfd1
Bc3 34. Rxe2 Rxe2 35. Bd4 Bxd4+ 36. Nxd4 Rxa2 37. Rc1 a4 38. Rxc7 b3 39. Rc8+
Kf7 40. Rc7+ Kf6 41. Rc1 b2 42. Rf1+ Kg5 43. h4+ Kh5 44. Nc2 b1=Q 45. Rxb1 Rxc2
46. Rb5+ Kg4 47. Rg5+ Kh3 48. Ra5 Kxg3 49. Kf1 Rc4 50. h5 gxh5 51. Rxh5 a3 52.
Ra5 Rc3 53. Ke2 Kh4 54. Kf2 g5 55. Ra4+ g4 56. Ra8 Rc2+ 57. Ke3 a2 58. Kf4 Rf2+
59. Ke3 Kg3 60. Ra4 Rb2 61. Ra8 Kg2 62. Kf4 g3 63. Ra3 Kf2 64. Rf3+ Ke2 65.
Re3+ Kd2 0-1

[Event "IV Open"]
[Site "Genova ITA"]
[Date "2000.08.13"]
[Round "8"]
[White "Di Paolo, Raffaele"]
[Black "Taeger, Torsten"]
[Result "1-0"]
[WhiteElo "2295"]
[BlackElo "2128"]
[PlyCount "115"]
[EventDate "2000.08.07"]

1. e4 g6 2. d4 Bg7 3. Nf3 d6 4. Nc3 Nf6 5. h3 O-O 6. Be3 Nbd7 7. Be2 c6 8. a4
e5 9. dxe5 dxe5 10. Qd6 Re8 11. Rd1 Bf8 12. Qd3 Qe7 13. O-O Nc5 14. Qc4 b6 15.
Ng5 Be6 16. Nxe6 Qxe6 17. Qxe6 Nxe6 18. Bc4 Kg7 19. Bxe6 Rxe6 20. Rd3 Rd6 21.
Rxd6 Bxd6 22. Rd1 Rd8 23. Kf1 Bc7 24. Rxd8 Bxd8 25. Ke2 Nd7 26. Kd3 Kf6 27. b4
a6 28. b5 axb5 29. axb5 cxb5 30. Nxb5 Ke6 31. Kc4 f5 32. f3 h5 33. Nc3 Kd6 34.
Kb5 Kc7 35. Nd5+ Kb7 36. c4 fxe4 37. fxe4 g5 38. g4 hxg4 39. hxg4 Nf8 40. Nxb6
Ne6 41. Nd7 Nc7+ 42. Ka4 Ne8 43. c5 Bf6 44. Kb5 Kc7 45. Nb6 Bd8 46. Nd5+ Kd7
47. c6+ Ke6 48. Bc5 Kf7 49. Ka6 Ke6 50. Kb7 Nd6+ 51. Bxd6 Kxd6 52. c7 Bxc7 53.
Nxc7 Kc5 54. Ne6+ Kc4 55. Nxg5 Kd4 56. Kc6 Ke3 57. Kd5 Kf4 58. Nf3 1-0

[Event "IV Open"]
[Site "Genova ITA"]
[Date "2000.08.13"]
[Round "8"]
[White "Djingarova, Emilia"]
[Black "Guido, Flavio"]
[Result "0-1"]
[WhiteElo "2263"]
[BlackElo "2303"]
[PlyCount "90"]
[EventDate "2000.08.07"]

1. e4 c5 2. Nf3 e6 3. d4 cxd4 4. Nxd4 Nf6 5. Nc3 d6 6. g3 a6 7. Bg2 Qc7 8. O-O
Be7 9. a4 Nc6 10. Nxc6 bxc6 11. a5 Bb7 12. Qe2 O-O 13. Rd1 Nd7 14. f4 c5 15.
Be3 Rfd8 16. f5 Bf6 17. Na4 exf5 18. exf5 Re8 19. Bxb7 Qxb7 20. Qf2 Ne5 21. Qg2
Qxg2+ 22. Kxg2 Nc4 23. Bf2 Re2 24. Kf3 Rxc2 25. Nb6 Ne5+ 26. Kg2 Rd8 27. h3
Rxb2 28. Kf1 Nc6 29. Nd5 Bd4 30. Bxd4 Nxd4 31. Nc7 Nc2 32. Rdb1 Rdb8 33. Rxb2
Rxb2 34. Ra4 Nb4 35. Ra3 h5 36. Re3 c4 37. Ne8 Rb3 38. Ke2 c3 39. Nxd6 c2 40.
Re8+ Kh7 41. Nxf7 g5 42. Rc8 Rb1 43. Nxg5+ Kg7 44. Rc7+ Kf6 45. h4 c1=Q 0-1

[Event "IV Open"]
[Site "Genova ITA"]
[Date "2000.08.13"]
[Round "8"]
[White "Ferreira, Maurizio"]
[Black "Orsenigo, Davide"]
[Result "1/2-1/2"]
[WhiteElo "1531"]
[BlackElo "1413"]
[PlyCount "67"]
[EventDate "2000.08.07"]

1. Nf3 b5 2. g3 Bb7 3. Bg2 c5 4. b3 Nf6 5. Bb2 d5 6. O-O Nbd7 7. c4 dxc4 8.
bxc4 a6 9. d3 e6 10. a4 b4 11. Nbd2 a5 12. Nb3 Bd6 13. e4 Qc7 14. Re1 Ne5 15.
Ng5 Be7 16. f4 Nc6 17. Nf3 Rd8 18. Qe2 O-O 19. Ne5 Nd7 20. Nf3 f6 21. Bh3 e5
22. f5 Nb6 23. Nh4 Nc8 24. Ng6 Rfe8 25. Bc1 Rd7 26. Bf1 Nd4 27. Nxd4 Rxd4 28.
Be3 Rd6 29. Red1 Rc6 30. Nh4 Nd6 31. g4 Nf7 32. Nf3 Rd8 33. h4 h6 34. Nd2
1/2-1/2